El movimiento social ante la crisis del capitalismo: América Latina hacia una alternativa /

Na minha lista:
Detalhes bibliográficos
Autor principal: Dierckxsens, Win
Formato: Texto
Assuntos:
Tags: Adicionar Tag
Sem tags, seja o primeiro a adicionar uma tag!

MARC

LEADER 00000 a a2200000 04500
001 45482
003
040
090 |a REV0780 (43)2005  
100 |a Dierckxsens, Win  
245 |a El movimiento social ante la crisis del capitalismo:   |b América Latina hacia una alternativa /  |c Win Dierckxsens  
650 |a MOVIMIENTOS SOCIALES  
650 |a TLC  
650 |a GLOBALIZACION  
650 |a AMERICA LATINA  
773 |g número45, VI Epoca (2005), páginas 62-87  
999 |c 18175  |d 18175